Statistics for Brand Logos That Start With R

Click here to take the quiz!

General Stats

  • This quiz has been taken 465 times
  • The average score is 5 of 8

Answer Stats

Answer% Correct
Red Bull
94%
Rolex
86%
Roblox
80%
Ray-Ban
77%
Rolls Royce
63%
Roku
36%
Roberto Cavalli
17%
Red Radio
3%

Score Distribution

Percentile by Number Answered

Percent of People with Each Score

Your Score History

You have not taken this quiz